[Event "RM-2017-0-00173"]
[Site "LSS email"]
[Date "2017.01.26"]
[Round "?"]
[White "Brueckner, Helmut"]
[Black "Kahl, Fred"]
[Result "1/2-1/2"]
[WhiteElo "2161"]
[BlackElo "2340"]
[PlyCount "53"]
[EventDate "2016.06.29"]
[EventType "tourn (corr)"]
[EventRounds "6"]
[EventCountry "GER"]
[SourceTitle "Corr 2022"]
[Source "ChessBase"]
[SourceDate "2021.10.24"]
[SourceVersion "1"]
[SourceVersionDate "2021.10.24"]
[SourceQuality "1"]

1. e4 e5 2. Nf3 Nc6 3. Bb5 a6 4. Ba4 Nf6 5. 0-0 Be7 6. Re1 b5 7. Bb3 0-0 8. c3 d5 9. exd5 Nxd5 10. Nxe5 Nxe5 11. Rxe5 c6 12. d4 Bd6 13. Re1 Qh4 14. g3 Qh3 15. Be3 Bg4 16. Qd3 Rae8 17. Nd2 Qh5 18. a4 Re6 19. axb5 axb5 20. Qf1 Bb8 21. Bxd5 Qxd5 22. Qg2 Qh5 23. Ra6 Bh3 24. Qf3 Bg4 25. Qg2 Bh3 26. Qf3 Bg4 27. Qg2 1/2-1/2

[Event "RM-2016-0-00173"]
[Site "LSS email"]
[Date "2016.07.01"]
[Round "?"]
[White "Brueckner, Helmut"]
[Black "Tylecek, Drahomir"]
[Result "1-0"]
[WhiteElo "2161"]
[BlackElo "2250"]
[PlyCount "83"]
[EventDate "2016.06.29"]
[EventType "tourn (corr)"]
[EventRounds "6"]
[EventCountry "GER"]
[SourceTitle "Corr 2022"]
[Source "ChessBase"]
[SourceDate "2021.10.24"]
[SourceVersion "1"]
[SourceVersionDate "2021.10.24"]
[SourceQuality "1"]

1. e4 e5 2. Nf3 Nc6 3. Bb5 a6 4. Ba4 Nf6 5. 0-0 Be7 6. Re1 b5 7. Bb3 0-0 8. c3 d6 9. h3 Na5 10. Bc2 c5 11. d4 Qc7 12. Nbd2 cxd4 13. cxd4 Bb7 14. d5 Bc8 15. Nf1 Bd7 16. Bd3 Rfc8 17. Rb1 Qd8 18. Ng3 Bf8 19. b3 h6 20. Be3 Be7 21. Qe2 Nh7 22. Rec1 Rxc1+ 23. Rxc1 Rc8 24. Qd2 Nb7 25. a4 bxa4 26. Bxa6 Rxc1+ 27. Qxc1 Nc5 28. Bxc5 dxc5 29. bxa4 Bxa4 30. Qa1 Be8 31. Qxe5 Bd6 32. Qc3 Bxg3 33. fxg3 Qb6 34. Bf1 Nf6 35. Qc4 Qb7 36. Bd3 Nd7 37. Kh2 Qb8 38. Qa6 h5 39. Be2 Nf6 40. Qd3 h4 41. e5 hxg3+ 42. Kxg3 1-0

[Event "RA-2016-0-00443"]
[Site "LSS email"]
[Date "2016.05.22"]
[Round "?"]
[White "Brueckner, Helmut"]
[Black "Misericordia, Antonio"]
[Result "1/2-1/2"]
[WhiteElo "2094"]
[BlackElo "2208"]
[PlyCount "85"]
[EventDate "2016.04.15"]
[EventType "tourn (corr)"]
[EventRounds "6"]
[EventCountry "GER"]
[SourceTitle "Corr 2022"]
[Source "ChessBase"]
[SourceDate "2021.10.24"]
[SourceVersion "1"]
[SourceVersionDate "2021.10.24"]
[SourceQuality "1"]

1. e4 e5 2. Nf3 Nc6 3. Bb5 a6 4. Ba4 Nf6 5. 0-0 Be7 6. Re1 b5 7. Bb3 d6 8. c3 0-0 9. h3 Bb7 10. d4 Re8 11. Nbd2 exd4 12. cxd4 Nd7 13. Nf1 Na5 14. Bc2 Bf6 15. Bf4 Nf8 16. Ng3 Ne6 17. Bc1 c5 18. d5 Nd4 19. Nxd4 Bxd4 20. Rb1 Nc4 21. b3 Nb6 22. Nf5 Be5 23. Qh5 Bc8 24. Bg5 f6 25. Be3 Bxf5 26. Qxf5 b4 27. Bd3 a5 28. Bb5 Re7 29. Rec1 a4 30. Rc2 axb3 31. axb3 Bc3 32. h4 Ra5 33. Bd3 Nd7 34. h5 Ne5 35. Be2 Qd7 36. Qxd7 Nxd7 37. Bg4 Ne5 38. Be2 Nf7 39. Bd3 Ne5 40. Be2 Nf7 41. Bd3 Re5 42. Bf4 Re7 43. Be3 1/2-1/2

[Event "RA-2016-0-00443"]
[Site "LSS email"]
[Date "2016.05.22"]
[Round "?"]
[White "Brueckner, Helmut"]
[Black "Susla, Vitaliy"]
[Result "1/2-1/2"]
[WhiteElo "2094"]
[BlackElo "2305"]
[PlyCount "59"]
[EventDate "2016.04.15"]
[EventType "tourn (corr)"]
[EventRounds "6"]
[EventCountry "GER"]
[SourceTitle "Corr 2022"]
[Source "ChessBase"]
[SourceDate "2021.10.24"]
[SourceVersion "1"]
[SourceVersionDate "2021.10.24"]
[SourceQuality "1"]

1. e4 c5 2. Nf3 d6 3. d4 cxd4 4. Nxd4 Nf6 5. Nc3 a6 6. Be3 e5 7. Nb3 Be6 8. Qd2 Nbd7 9. f3 h5 10. Nd5 Bxd5 11. exd5 g6 12. Be2 Qc7 13. c4 a5 14. Rd1 a4 15. Na1 Qa5 16. Qxa5 Rxa5 17. Nc2 Bh6 18. Bf2 Nc5 19. 0-0 0-0 20. Na3 Rc8 21. Nb5 Ra6 22. h3 Nfd7 23. g4 hxg4 24. hxg4 Bf4 25. Kg2 Kg7 26. Rh1 Nf8 27. Ra1 Nfd7 28. Rad1 Rb6 29. Rb1 Ra6 30. Rbd1 1/2-1/2

[Event "BI-2016-F-0000"]
[Site "LSS email"]
[Date "2016.02.14"]
[Round "?"]
[White "Chumanov, Valeriy"]
[Black "Brueckner, Helmut"]
[Result "1/2-1/2"]
[WhiteElo "2303"]
[BlackElo "2032"]
[PlyCount "71"]
[EventDate "2016.02.20"]
[EventType "tourn (corr)"]
[EventRounds "10"]
[EventCountry "GER"]
[SourceTitle "Corr 2022"]
[Source "ChessBase"]
[SourceDate "2021.10.24"]
[SourceVersion "1"]
[SourceVersionDate "2021.10.24"]
[SourceQuality "1"]

1. d4 Nf6 2. c4 e6 3. Nc3 Bb4 4. Nf3 c5 5. g3 cxd4 6. Nxd4 0-0 7. Bg2 d5 8. cxd5 Nxd5 9. Qb3 Nc6 10. Nxc6 bxc6 11. 0-0 Qa5 12. Bd2 Bxc3 13. bxc3 Ba6 14. Rfd1 Qc5 15. e4 Bc4 16. Qa4 Nb6 17. Qb4 Qh5 18. Be3 Be2 19. Rd2 Rab8 20. Bxb6 axb6 21. Re1 Bf3 22. Bf1 h6 23. c4 Qc5 24. Qxc5 bxc5 25. Re3 Bh5 26. f3 e5 27. Rd6 Rfc8 28. g4 Bg6 29. h4 f6 30. g5 hxg5 31. hxg5 Kf7 32. Bh3 Rc7 33. Red3 Rb2 34. a4 Ra2 35. Bg4 fxg5 36. a5 1/2-1/2

[Event "BI-2016-F-0000"]
[Site "LSS email"]
[Date "2016.02.14"]
[Round "?"]
[White "Esin, Maxim"]
[Black "Brueckner, Helmut"]
[Result "1/2-1/2"]
[WhiteElo "2021"]
[BlackElo "2032"]
[PlyCount "41"]
[EventDate "2016.02.20"]
[EventType "tourn (corr)"]
[EventRounds "10"]
[EventCountry "GER"]
[SourceTitle "Corr 2022"]
[Source "ChessBase"]
[SourceDate "2021.10.24"]
[SourceVersion "1"]
[SourceVersionDate "2021.10.24"]
[SourceQuality "1"]

1. c4 Nf6 2. Nc3 e5 3. e4 Bc5 4. Be2 d6 5. d3 Nc6 6. Nf3 0-0 7. 0-0 Bg4 8. Ne1 Bxe2 9. Nxe2 a5 10. Nc2 Nd7 11. Be3 Nb4 12. d4 exd4 13. Ncxd4 Re8 14. f3 Nc6 15. Qd2 Nde5 16. Qc3 Bb4 17. Qc2 Bc5 18. Nf5 b6 19. Bxc5 bxc5 20. Qc3 g6 21. Nh6+ 1/2-1/2

[Event "BI-2016-F-0000"]
[Site "LSS email"]
[Date "2016.02.14"]
[Round "?"]
[White "Sutkalenko, Dmitrij"]
[Black "Brueckner, Helmut"]
[Result "1/2-1/2"]
[WhiteElo "2333"]
[BlackElo "2032"]
[PlyCount "58"]
[EventDate "2016.02.20"]
[EventType "tourn (corr)"]
[EventRounds "10"]
[EventCountry "GER"]
[SourceTitle "Corr 2022"]
[Source "ChessBase"]
[SourceDate "2021.10.24"]
[SourceVersion "1"]
[SourceVersionDate "2021.10.24"]
[SourceQuality "1"]

1. e4 e5 2. Nf3 Nc6 3. Bb5 a6 4. Ba4 Nf6 5. 0-0 Be7 6. Re1 b5 7. Bb3 0-0 8. a4 b4 9. d4 d6 10. dxe5 Nxe5 11. Nbd2 Nfd7 12. Nd4 Nc5 13. Bd5 Rb8 14. Nc4 Bg4 15. Qd2 Nxc4 16. Bxc4 Bd7 17. b3 Bf6 18. Bb2 c6 19. Rad1 Qb6 20. c3 Rfe8 21. f3 bxc3 22. Bxc3 d5 23. exd5 Rxe1+ 24. Rxe1 cxd5 25. Bxd5 Ne6 26. Bxe6 Bxe6 27. a5 Qc5 28. b4 Bxd4+ 29. Bxd4 Qxb4 1/2-1/2

[Event "RB-2015-0-00294"]
[Site "LSS email"]
[Date "2015.10.08"]
[Round "?"]
[White "Brueckner, Helmut"]
[Black "Misericordia, Antonio"]
[Result "1/2-1/2"]
[WhiteElo "1901"]
[BlackElo "1862"]
[PlyCount "63"]
[EventDate "2015.09.09"]
[EventType "tourn (corr)"]
[EventRounds "6"]
[EventCountry "GER"]
[SourceTitle "Corr 2022"]
[Source "ChessBase"]
[SourceDate "2021.10.24"]
[SourceVersion "1"]
[SourceVersionDate "2021.10.24"]
[SourceQuality "1"]

1. e4 e5 2. Nf3 Nc6 3. Bc4 Nf6 4. d3 Bc5 5. c3 a5 6. 0-0 d6 7. h3 0-0 8. Re1 h6 9. a4 Be6 10. Na3 d5 11. exd5 Bxd5 12. Bxd5 Qxd5 13. Nb5 Rad8 14. Be3 Bxe3 15. Rxe3 Qc5 16. Nxe5 Nxe5 17. d4 Qb6 18. Rxe5 c6 19. Na3 Qxb2 20. Qc1 Qxc1+ 21. Rxc1 Nd5 22. Nc4 f6 23. Re2 Rf7 24. Rb2 b5 25. axb5 cxb5 26. Rxb5 Rc7 27. Rc5 Rxc5 28. dxc5 Rc8 29. Nxa5 Rxc5 30. c4 Rxa5 31. cxd5 Rxd5 32. Rc7 1/2-1/2

[Event "RB-2015-0-00294"]
[Site "LSS email"]
[Date "2015.10.08"]
[Round "?"]
[White "Tyutyunnik, Roman"]
[Black "Brueckner, Helmut"]
[Result "1/2-1/2"]
[WhiteElo "2020"]
[BlackElo "1901"]
[PlyCount "99"]
[EventDate "2015.09.09"]
[EventType "tourn (corr)"]
[EventRounds "6"]
[EventCountry "GER"]
[SourceTitle "Corr 2022"]
[Source "ChessBase"]
[SourceDate "2021.10.24"]
[SourceVersion "1"]
[SourceVersionDate "2021.10.24"]
[SourceQuality "1"]

1. e4 e5 2. Nf3 Nc6 3. Bb5 a6 4. Ba4 Nf6 5. 0-0 Be7 6. Re1 b5 7. Bb3 d6 8. c3 0-0 9. h3 Bb7 10. d4 Re8 11. Ng5 Rf8 12. Nf3 Re8 13. Nbd2 Bf8 14. a3 h6 15. Bc2 Nb8 16. b3 Nbd7 17. Bb2 c6 18. Bd3 Nh5 19. g3 g6 20. a4 Bg7 21. Qc2 Rc8 22. Rad1 Qc7 23. Bf1 Nhf6 24. dxe5 dxe5 25. Ba3 Rb8 26. c4 bxa4 27. bxa4 c5 28. Nb1 Bc6 29. Nc3 Nh7 30. h4 Nhf8 31. Bh3 Ne6 32. Bxe6 fxe6 33. Rb1 Bf8 34. Nd2 Red8 35. Nb3 Rb7 36. Rb2 Rdb8 37. Reb1 Kg7 38. Qd3 Be7 39. Kg2 Nf6 40. Qf3 Nd7 41. Nb5 axb5 42. axb5 Bxb5 43. cxb5 Rxb5 44. Nxc5 Rxc5 45. Rxb8 Nxb8 46. Bxc5 Bxc5 47. Qb3 Bd6 48. Qxe6 Nc6 49. Rc1 Qe7 50. Qxe7+ 1/2-1/2

[Event "OP-2015-0-03808"]
[Site "LSS email"]
[Date "2015.09.06"]
[Round "?"]
[White "Brueckner, Helmut"]
[Black "Schoepe, Heinz Joachim"]
[Result "1-0"]
[WhiteElo "1885"]
[BlackElo "2232"]
[PlyCount "151"]
[EventDate "2015.08.30"]
[EventType "tourn (corr)"]
[EventRounds "4"]
[EventCountry "GER"]
[SourceTitle "Corr 2022"]
[Source "ChessBase"]
[SourceDate "2021.10.24"]
[SourceVersion "1"]
[SourceVersionDate "2021.10.24"]
[SourceQuality "1"]

1. e4 c5 2. Nf3 d6 3. d4 Nf6 4. Nc3 cxd4 5. Nxd4 a6 6. Be3 e6 7. f3 b5 8. Qd2 Bb7 9. g4 Nfd7 10. 0-0-0 Nb6 11. Nb3 Nc6 12. Qf2 Nd7 13. g5 Nce5 14. Rg1 Rc8 15. Kb1 Qc7 16. h4 Nxf3 17. Qxf3 b4 18. Na4 Bc6 19. Bxa6 Ra8 20. Rgf1 Ne5 21. Qe2 Bxa4 22. Bb5+ Bxb5 23. Qxb5+ Qc6 24. Qxb4 Nc4 25. Bc1 Qa6 26. a3 Be7 27. Qc3 0-0 28. h5 Rfc8 29. Qd3 Qc6 30. g6 fxg6 31. hxg6 hxg6 32. Nd4 Qb6 33. Qb3 Bf6 34. Qxb6 Nxb6 35. Nxe6 Rab8 36. b3 Na4 37. Bd2 Kf7 38. Ng5+ Kg8 39. Rg1 Rb5 40. e5 Bxe5 41. Rh1 Nc5 42. Rh3 Bf6 43. Rdh1 Bxg5 44. Bxg5 Kf7 45. Rc3 Re8 46. Rf1+ Kg8 47. Be3 Ne4 48. Rd3 Rbe5 49. Rg1 Kf7 50. b4 Rf5 51. Kb2 g5 52. a4 Ke6 53. a5 Kd7 54. Ka3 Kc7 55. c4 Kb8 56. b5 d5 57. Rxd5 Rf3 58. Rd3 Nc5 59. Bxc5 Rxd3+ 60. Kb4 Re2 61. Bb6 g6 62. Rf1 Rdd2 63. Rf8+ Kb7 64. Rf7+ Kc8 65. a6 Ra2 66. a7 Re1 67. Rf8+ Kd7 68. a8Q Rxa8 69. Rxa8 Rb1+ 70. Kc5 Rf1 71. Ra7+ Ke6 72. Bc7 Rf5+ 73. Kc6 g4 74. b6 g3 75. Bxg3 g5 76. b7 1-0

[Event "OP-2015-0-03793"]
[Site "LSS email"]
[Date "2015.09.05"]
[Round "?"]
[White "Tolnai, Rudolf"]
[Black "Brueckner, Helmut"]
[Result "0-1"]
[WhiteElo "989"]
[BlackElo "1852"]
[PlyCount "22"]
[EventDate "2015.08.12"]
[EventType "tourn (corr)"]
[EventRounds "4"]
[EventCountry "GER"]
[SourceTitle "Corr 2022"]
[Source "ChessBase"]
[SourceDate "2021.10.24"]
[SourceVersion "1"]
[SourceVersionDate "2021.10.24"]
[SourceQuality "1"]

1. e4 e5 2. Bc4 Nf6 3. d3 c6 4. Bg5 d5 5. Bxf6 gxf6 6. exd5 cxd5 7. Bb3 Nc6 8. Qf3 Nd4 9. Qe3 Qa5+ 10. Nc3 Nxb3 11. cxb3 d4 0-1

[Event "RB-2015-0-00289"]
[Site "LSS email"]
[Date "2015.08.30"]
[Round "?"]
[White "Brueckner, Helmut"]
[Black "Schild, Reinhard"]
[Result "1/2-1/2"]
[WhiteElo "1845"]
[BlackElo "2073"]
[PlyCount "49"]
[EventDate "2015.07.27"]
[EventType "tourn (corr)"]
[EventRounds "6"]
[EventCountry "GER"]
[SourceTitle "Corr 2022"]
[Source "ChessBase"]
[SourceDate "2021.10.24"]
[SourceVersion "1"]
[SourceVersionDate "2021.10.24"]
[SourceQuality "1"]

1. e4 e5 2. Nf3 Nc6 3. Bb5 a6 4. Ba4 Nf6 5. 0-0 b5 6. Bb3 Bb7 7. Nc3 Be7 8. d3 0-0 9. Bd2 d6 10. Nd5 Nxd5 11. Bxd5 Qc8 12. Re1 Bf6 13. a4 Nd8 14. Bxb7 Qxb7 15. b4 Ne6 16. Qb1 Rfb8 17. Qb3 c5 18. axb5 axb5 19. Rxa8 Rxa8 20. bxc5 Nxc5 21. Qb4 Ra2 22. Qb1 Ra8 23. Qb4 Ra2 24. Qb1 Ra8 25. Qb4 1/2-1/2

[Event "RB-2015-0-00289"]
[Site "LSS email"]
[Date "2015.08.29"]
[Round "?"]
[White "Hosak, Wilfried"]
[Black "Brueckner, Helmut"]
[Result "1/2-1/2"]
[WhiteElo "1845"]
[BlackElo "1845"]
[PlyCount "71"]
[EventDate "2015.07.27"]
[EventType "tourn (corr)"]
[EventRounds "6"]
[EventCountry "GER"]
[SourceTitle "Corr 2022"]
[Source "ChessBase"]
[SourceDate "2021.10.24"]
[SourceVersion "1"]
[SourceVersionDate "2021.10.24"]
[SourceQuality "1"]

1. Nf3 c5 2. e4 Nc6 3. d4 cxd4 4. Nxd4 e5 5. Nb5 d6 6. N1c3 a6 7. Na3 Nf6 8. Bg5 b5 9. Bxf6 gxf6 10. Nd5 f5 11. Bd3 Be6 12. 0-0 Bxd5 13. exd5 Ne7 14. c3 Bg7 15. Nc2 e4 16. Be2 0-0 17. a4 bxa4 18. Rxa4 Qb6 19. Rb4 Qc5 20. g3 Qxd5 21. Qxd5 Nxd5 22. Rb7 Rab8 23. Bxa6 Rfc8 24. Rd1 Nc7 25. Rxb8 Rxb8 26. Bc4 Rxb2 27. Ne3 f4 28. gxf4 Rb6 29. Nf5 Bf8 30. Kg2 Rc6 31. Ne3 Kg7 32. Kg3 Rc5 33. f3 exf3 34. Rd3 Rh5 35. Bd5 Nxd5 36. Rxd5 1/2-1/2

[Event "RB-2015-0-00288"]
[Site "LSS email"]
[Date "2015.08.14"]
[Round "?"]
[White "Brueckner, Helmut"]
[Black "Wantoch Rekowski, Jacek"]
[Result "1-0"]
[WhiteElo "1827"]
[BlackElo "1778"]
[PlyCount "99"]
[EventDate "2015.07.13"]
[EventType "tourn (corr)"]
[EventRounds "6"]
[EventCountry "GER"]
[SourceTitle "Corr 2022"]
[Source "ChessBase"]
[SourceDate "2021.10.24"]
[SourceVersion "1"]
[SourceVersionDate "2021.10.24"]
[SourceQuality "1"]

1. e4 c5 2. Nf3 d6 3. d4 cxd4 4. Nxd4 Nf6 5. Nc3 a6 6. Be3 e5 7. Nb3 Be6 8. Be2 Be7 9. Qd3 Nc6 10. a3 d5 11. exd5 Nxd5 12. 0-0-0 Nxc3 13. Qxc3 Qc7 14. Nc5 Bf5 15. Na4 Rc8 16. Bd3 Bg4 17. f3 Be6 18. Kb1 0-0 19. Nb6 Rcd8 20. Be4 Rd6 21. Nd5 Bxd5 22. Rxd5 f5 23. Qb3 Kh8 24. Bb6 Qd7 25. Rxd6 Qxd6 26. Bd5 Bd8 27. Rd1 Ne7 28. Bf2 b5 29. c4 Bb6 30. Bb7 Qc7 31. c5 Bxc5 32. Bxc5 Qxc5 33. Bxa6 b4 34. Qxb4 Qxb4 35. axb4 g6 36. Kc2 Kg7 37. Kb3 Rf6 38. Bc4 Rb6 39. b5 Rb8 40. Rd6 f4 41. b6 Kh6 42. Be6 Kg7 43. Kc4 g5 44. Kc5 h5 45. b4 g4 46. fxg4 h4 47. Bc4 h3 48. gxh3 Rc8+ 49. Kb5 Rb8 50. Rd7 1-0

[Event "RB-2015-0-00288"]
[Site "LSS email"]
[Date "2015.08.13"]
[Round "?"]
[White "Hatsek, Werner"]
[Black "Brueckner, Helmut"]
[Result "1/2-1/2"]
[WhiteElo "2031"]
[BlackElo "1827"]
[PlyCount "142"]
[EventDate "2015.07.13"]
[EventType "tourn (corr)"]
[EventRounds "6"]
[EventCountry "GER"]
[SourceTitle "Corr 2022"]
[Source "ChessBase"]
[SourceDate "2021.10.24"]
[SourceVersion "1"]
[SourceVersionDate "2021.10.24"]
[SourceQuality "1"]

1. c4 e5 2. Nc3 Nc6 3. Nf3 Nf6 4. d4 exd4 5. Nxd4 Bb4 6. Nxc6 bxc6 7. Qb3 a5 8. a3 Bc5 9. e3 0-0 10. Bd3 d5 11. Qc2 Qe7 12. 0-0 Bd6 13. b3 Rb8 14. Rb1 Qe5 15. f4 Qe7 16. cxd5 cxd5 17. e4 dxe4 18. Nxe4 Nxe4 19. Bxe4 h6 20. Re1 Be6 21. Bd5 Bf5 22. Qc3 Bc5+ 23. Be3 Bxa3 24. Ba7 Qd7 25. Bc6 Qc8 26. Bxb8 Bb4 27. Qe5 Bxb1 28. Rxb1 Qxb8 29. Kh1 Rd8 30. Bd5 Rd6 31. h3 Qd8 32. Bc4 Rf6 33. Rf1 g6 34. g3 Rd6 35. Rf2 Rd1+ 36. Kh2 Qa8 37. Rg2 Qc6 38. h4 a4 39. f5 Re1 40. Qd4 gxf5 41. bxa4 Bd6 42. Qd5 Qxd5 43. Bxd5 Re3 44. a5 Re5 45. Rd2 Bb4 46. Rd1 Bxa5 47. Bc4 Rc5 48. Bd3 Rd5 49. Be2 Rxd1 50. Bxd1 Be1 51. Kh3 Kg7 52. Bb3 Kf6 53. Bc4 c5 54. h5 Ba5 55. Kh4 Bd8 56. Kh3 Ke5 57. Bxf7 Kd4 58. Kg2 c4 59. Kf3 Kd3 60. Be6 c3 61. Bxf5+ Kd2 62. Kg2 c2 63. Bxc2 Kxc2 64. Kh1 Kd3 65. Kg2 Ke2 66. Kg1 Kf3 67. Kh1 Kf2 68. Kh2 Bc7 69. Kh1 Bb6 70. Kh2 Kf1 71. Kh3 Kf2 1/2-1/2

[Event "OP-2015-0-03785"]
[Site "LSS email"]
[Date "2015.08.09"]
[Round "?"]
[White "Voudouris, Nick"]
[Black "Brueckner, Helmut"]
[Result "0-1"]
[WhiteElo "1521"]
[BlackElo "1845"]
[PlyCount "74"]
[EventDate "2015.07.30"]
[EventType "tourn (corr)"]
[EventRounds "4"]
[EventCountry "GER"]
[SourceTitle "Corr 2022"]
[Source "ChessBase"]
[SourceDate "2021.10.24"]
[SourceVersion "1"]
[SourceVersionDate "2021.10.24"]
[SourceQuality "1"]

1. d4 Nf6 2. f4 d5 3. e3 c5 4. c3 Nc6 5. Bd3 Bg4 6. Nf3 e6 7. 0-0 Bd6 8. Qe1 Bf5 9. Qe2 0-0 10. Ne5 Qb6 11. Kh1 Ne7 12. Nd2 Rac8 13. a4 Rfd8 14. a5 Qc7 15. Ndf3 a6 16. Ng5 Rf8 17. dxc5 Qxc5 18. e4 dxe4 19. Nxe4 Nxe4 20. Bxe4 Bxe4 21. Qxe4 Bxe5 22. Qxe5 Qxe5 23. fxe5 Rc5 24. Bf4 Rd8 25. Rad1 Rcd5 26. Rxd5 Rxd5 27. b4 Rd3 28. Rc1 Nd5 29. Bg3 Rxc3 30. Rxc3 Nxc3 31. Be1 Nd5 32. h4 Kf8 33. Kh2 Ke8 34. Kg3 h5 35. Kf3 Kd7 36. g4 hxg4+ 37. Kxg4 Kc6 0-1

[Event "OP-2015-0-03719"]
[Site "LSS email"]
[Date "2015.05.18"]
[Round "?"]
[White "Brueckner, Helmut"]
[Black "Casas Renteria, Enrique"]
[Result "1-0"]
[WhiteElo "1721"]
[BlackElo "1769"]
[PlyCount "41"]
[EventDate "2015.05.12"]
[EventType "tourn (corr)"]
[EventRounds "4"]
[EventCountry "GER"]
[SourceTitle "Corr 2022"]
[Source "ChessBase"]
[SourceDate "2021.10.24"]
[SourceVersion "1"]
[SourceVersionDate "2021.10.24"]
[SourceQuality "1"]

1. e4 g6 2. d4 Bg7 3. Nc3 d6 4. f4 a6 5. Be3 b5 6. Nf3 Bb7 7. Bd3 Nd7 8. Qe2 Nb6 9. e5 e6 10. a4 b4 11. Ne4 Nh6 12. Bd2 Nd5 13. c4 bxc3 14. bxc3 Nf5 15. 0-0 0-0 16. Rfb1 Ra7 17. a5 f6 18. c4 Nde7 19. g4 Bxe4 20. Qxe4 Nh6 21. exf6 1-0

[Event "OP-2015-0-03719"]
[Site "LSS email"]
[Date "2015.05.18"]
[Round "?"]
[White "Cerne, Peter"]
[Black "Brueckner, Helmut"]
[Result "0-1"]
[WhiteElo "1567"]
[BlackElo "1721"]
[PlyCount "102"]
[EventDate "2015.05.12"]
[EventType "tourn (corr)"]
[EventRounds "4"]
[EventCountry "GER"]
[SourceTitle "Corr 2022"]
[Source "ChessBase"]
[SourceDate "2021.10.24"]
[SourceVersion "1"]
[SourceVersionDate "2021.10.24"]
[SourceQuality "1"]

1. e4 e5 2. Nf3 Nc6 3. Bb5 a6 4. Ba4 Nf6 5. 0-0 Be7 6. Re1 b5 7. Bb3 d6 8. Nc3 0-0 9. Nd5 Na5 10. d4 Nxd5 11. exd5 f6 12. c3 Nxb3 13. axb3 Qd7 14. c4 c6 15. dxc6 Qxc6 16. d5 Qc7 17. cxb5 Bb7 18. bxa6 Rxa6 19. Rxa6 Bxa6 20. Re3 Qa5 21. Ne1 Rc8 22. Rc3 Rxc3 23. bxc3 Qxc3 24. Be3 Bb7 25. Nf3 Qa5 26. Qc2 Bxd5 27. Nd2 Qb4 28. h3 Bf7 29. f3 d5 30. Bf2 Bg6 31. Qc8+ Kf7 32. Qc1 Bd3 33. Be3 d4 34. Bf2 Qc3 35. Qd1 Bb4 36. Be1 Bg6 37. h4 h5 38. Kh1 d3 39. f4 Qc2 40. Qf3 Bxd2 41. Qd5+ Kf8 42. Qd8+ Be8 43. Qd6+ Kf7 44. Qd5+ Kg6 45. Bxd2 Qxd2 46. Qe4+ Kh6 47. fxe5 Bg6 48. Qf3 Qe1+ 49. Kh2 Qxe5+ 50. Kg1 d2 51. Qd1 Qe1+ 0-1